Anne Marie / (Record no. 187592)

MARC details
000 -LEADER
campo de control de longitud fija 00702nam a2200229 i 4500
001 - NÚMERO DE CONTROL
campo de control 187592
003 - IDENTIFICADOR DE NÚMERO DE CONTROL
campo de control ES-MaACL
005 - FECHA Y HORA DE LA ÚLTIMA TRANSACCIÓN
campo de control 20250809070338.0
008 - DATOS DE LONGITUD FIJA--INFORMACIÓN GENERAL
campo de control de longitud fija 171204s1981 fr |||| | fra d
020 ## - NÚMERO INTERNACIONAL ESTÁNDAR DEL LIBRO
Número Internacional Estándar del Libro 2-253-03060-0
080 ## - NÚMERO DE LA CLASIFICACIÓN DECIMAL UNIVERSAL
Número de la Clasificación Decimal Universal 840-31"19"
100 0# - ENTRADA PRINCIPAL--NOMBRE DE PERSONA
Nombre de persona Bodard, Lucien.
9 (RLIN) 29686
245 10 - MENCIÓN DEL TÍTULO
Título Anne Marie /
Mención de responsabilidad, etc. Lucien Bodard.
260 ## - PUBLICACIÓN, DISTRIBUCIÓN, ETC.
Lugar de publicación, distribución, etc. París :
Nombre del editor, distribuidor, etc. Grasset,
Fecha de publicación, distribución, etc. 1981.
300 ## - DESCRIPCIÓN FÍSICA
Extensión 663 p. ;
Dimensiones 17 cm.
490 1# - MENCIÓN DE SERIE
Mención de serie Le Livre de poche ;
Designación de volumen o secuencia 5701
830 03 - PUNTO DE ACCESO ADICIONAL DE SERIE-TÍTULO UNIFORME
Título uniforme Le livre de poche
Designación de volumen o secuencia 5701
9 (RLIN) 179656
852 ## - LOCALIZACIÓN
Ubicación ES-MaACL
Número de control de estantería A-14124
itemnumber 194678
Sublocalización o colección R.150577
Ubicación en estantería Depósito 1
Signatura antigua Olim: N-7124
Donativo/Legado Donación: Carmen Zumárraga
903 ## - NOMBRE PERSONAL DE DONANTE
9 234648
a Zumárraga, Carmen
e Donante
942 ## - ELEMENTOS DE ENTRADA SECUNDARIOS (KOHA)
Fuente del sistema de clasificación o colocación Clasificación decimal universal
Tipo de ítem Koha Libro impreso
Holdings
Estatus retirado Estado de pérdida Fuente del sistema de clasificación o colocación Estado de daño No para préstamo Biblioteca de origen Biblioteca actual Ubicación en estantería Fecha de adquisición Fuente de adquisición Total de préstamos Signatura topográfica completa Código de barras Visto por última vez Precio de reemplazo Tipo de ítem Koha
    Clasificación decimal universal     Biblioteca del Ateneo de Madrid Biblioteca del Ateneo de Madrid Depósito 1 04/12/2017 Donación   A-14124 1198144 23/02/2023 23/02/2023 Libro impreso